000 00459cam a2200181ua 4500
003 OSt
008 250802b |||||||| |||| 00| 0 eng d
020 _a0-07-037965-3
041 _aeng
082 _a627
_bLIN/WA
100 _aLinsley, Raj K .
_97662
245 _aWater resources engineering /
250 _a3 /
260 _aNew York :
_bMcGraw Hill Book Company ,
_c1979.
300 _a716 ; .
700 1 _aFeaizine, Joseph B.
_97663
942 _cBK
999 _c11088
_d11088